[Event "4NCL Div 1 2018-19"]
[Site "Daventry"]
[Date "2018.11.11"]
[Round "2"]
[White "Redmond, John P."]
[Black "Cooke, Suzie G."]
[Result "1-0"]
[WhiteElo "2175"]
[BlackElo "1940"]
[Annotator "TA"]
[PlyCount "91"]
[EventDate "2018.11.10"]
[EventType "team-tourn"]
[EventCountry "GBR"]
[SourceTitle "playchess.com"]
[Source "ChessBase"]
[SourceQuality "1"]

{[%evp 19,91,0,0,0,0,-33,-35,-76,-83,-113,-112,-103,-93,-104,-100,-195,-200,-208,-213,-218,-221,-182,-212,-171,-164,-178,0,-3,-8,-95,-105,-149,-129,-173,-170,-157,26,0,0,0,222,198,255,253,460,444,533,377,373,338,366,338,324,320,304,293,842,847,777,839,810,800,796,761,741,708,712,756,754,745,846,820,875,831]} 1. Nf3 Nf6 2. c4 e6 3. Nc3 d5 4. e3 c6 5. b3 Bd6 6. Bb2 O-O 7. Qc2 Nbd7 8. Be2 e5 {A11: English Opening: 1...c6} (8... b6 9. Rg1 Bb7 10. g4 Qe7 11. g5 Ne8 12. h4 Rc8 13. h5 Ba3 14. Bxa3 Qxa3 15. cxd5 cxd5 16. Bb5 {½-½ (63) Nepomniachtchi,I (2757)-Muzychuk,A (2564) Jerusalem 2018}) 9. cxd5 Nxd5 10. Ne4 Bc7 {LiveBook: 7 Games. The position is equal.} 11. Neg5 {[%csl Gg5][%cal Rc2h7]} N5f6 12. Bc4 h6 $1 {[%cal Rh6g5]} 13. h4 Qe7 14. Nxf7 $146 ({Predecessor:} 14. a4 c5 15. Nxf7 Rxf7 16. Ng5 hxg5 17. hxg5 {1-0 (33) Molina,F (2240)-Paolinelli,G (2171) Capoliveri 2009}) 14... Rxf7 {[#]} 15. Ng5 $1 {[%mdl 512]} hxg5 16. hxg5 Nf8 $1 {And now ...Nd5 would win.} 17. g6 {[#]} (17. Bxf7+ $17 Qxf7 18. gxf6) 17... Nxg6 $1 $19 18. Qxg6 Be6 19. O-O-O {Threatens to win with Rh4.} Bxc4 $1 20. bxc4 Rff8 21. Rh4 {Rdh1 would kill now.} Qf7 22. Qc2 Rfd8 $2 (22... g5 $19 23. Rh3 g4) 23. Rdh1 $40 {[%csl Gh1][%cal Rh4h8][%mdl 128] White attacks.} Kf8 24. g4 (24. f4 $1 $11 Qe6 25. Rf1) 24... Ke7 25. g5 Nd7 {[#]} 26. f4 $1 {[%mdl 512] [#]} Rf8 $1 (26... exf4 27. Bxg7) 27. Rh7 {[#]} Bd6 $2 {[#]} (27... Rg8 $1 $17 {Hoping for ...Raf8.} 28. f5 Rae8) 28. Rxg7 $1 {[%mdl 512]} Qxg7 29. Rh7 Qxh7 $2 (29... Rf7 $1 $11 30. Rxg7 Rxg7) 30. Qxh7+ $18 Rf7 (30... Kd8 {is a better defense.}) 31. Qh4 Rg7 $2 (31... Kd8 {was called for.} 32. g6+ Re7) 32. g6+ Kf8 {intending ...Kg8.} 33. c5 Be7 34. Qh8+ Rg8 35. g7+ Kf7 36. Qh5+ Kxg7 37. fxe5 {[%cal Bf4e5,Be5e6][%mdl 32]} Nxc5 $2 (37... Nxe5 38. Qxe5+ Kf7) 38. e6+ $1 {White is clearly winning.} Bf6 39. Qf7+ ({Less strong is} 39. Qxc5 Bxb2+ 40. Kxb2 Kf6 $16) 39... Kh6 40. Qxf6+ Kh5 41. Qf7+ Kh6 42. Qf4+ Kh5 43. Qf5+ Rg5 44. Qf7+ Kh6 45. Kc2 b6 {[#]} 46. Be5 $1 {[%mdl 512] Precision: White = 49%, Black = 53%.} 1-0

[Event "4NCL Div 1 2018-19"]
[Site "Daventry"]
[Date "2018.11.11"]
[Round "2"]
[White "Gayson, Peter M"]
[Black "Derakhshani, Borna"]
[Result "0-1"]
[WhiteElo "2170"]
[BlackElo "2324"]
[Annotator "TA"]
[PlyCount "62"]
[EventDate "2018.11.10"]
[EventType "team-tourn"]
[EventCountry "GBR"]
[SourceTitle "playchess.com"]
[Source "ChessBase"]
[SourceQuality "1"]

{[%evp 15,62,42,72,33,63,31,27,28,57,25,40,0,0,-62,-53,-37,-73,-121,-112,-125,-116,-108,-67,-88,-69,-105,-16,-362,-331,-458,-456,-914,-895,-838,-829,-974,-958,-1039,-1029,-1288,-1293,-1251,-1192,-29985,-29986,-29986,-29984,-29997,-29998]} 1. e4 c6 2. d4 d5 3. e5 Bf5 4. Nf3 e6 5. Be2 Ne7 6. O-O Bg6 7. b3 Nf5 {B12: Caro-Kann: Advance Variation} 8. c4 Be7 {LiveBook: 9 Games} 9. Nc3 (9. Bb2 O-O 10. Nbd2 a5 11. Re1 a4 12. c5 Nd7 13. b4 b6 14. a3 b5 15. Nf1 {½-½ (44) Kamsky,G (2721)-Wang,H (2735) Beijing 2013}) 9... O-O {White is slightly better.} 10. h3 Nd7 {[%cal Bb8d7,Bd7c5,Bc5e6][%mdl 32]} 11. Bb2 a5 $146 ({Predecessor:} 11... f6 12. exf6 Bxf6 13. Bd3 Nh4 14. Nxh4 Bxd3 15. Qxd3 Bxh4 {1-0 (45) Flores,D (2358)-Devcic,M (2350) Buenos Aires 2000}) 12. Rc1 f6 13. cxd5 exd5 14. Re1 (14. g4 $11) 14... fxe5 $1 $15 15. dxe5 Nc5 16. Ba3 {aiming for Nxd5!} Ne6 17. Bxe7 Qxe7 18. Qd2 Rad8 19. Rcd1 b5 20. Bf1 Bh5 ({Black should try} 20... d4 $17 21. Ne4 Ne3 22. Nf6+ gxf6 23. fxe3 Be4 24. Nxd4 fxe5) 21. Be2 $2 {[%mdl 8192]} (21. g4 $11 {and White stays safe.}) 21... d4 {[%cal Bd5d4,Bd4d3,Bd3e2][%mdl 32] And now ...d3! would win.} 22. Ne4 {[#]} d3 $1 {[%cal Rd3e2][%mdl 512]} 23. Qxa5 (23. Bxd3 $142 Bxf3 24. gxf3) 23... dxe2 $19 24. Rxd8 Rxd8 25. g4 Nfd4 26. Nxd4 Nxd4 27. Kg2 Bg6 28. Ng3 Rf8 {( -> ...Qf7)} 29. Nxe2 Be4+ {Black mates.} 30. Kf1 Qh4 {[%csl Gf8][%cal Rh4f2]} 31. f4 Qxh3+ {Precision: White = 15%, Black = 56%.} 0-1

[Event "4NCL Div 1 2018-19"]
[Site "Daventry"]
[Date "2018.11.11"]
[Round "2"]
[White "Stewart, Ashley"]
[Black "Hawkins, Jonathan"]
[Result "0-1"]
[WhiteElo "2166"]
[BlackElo "2579"]
[Annotator "TA"]
[PlyCount "68"]
[EventDate "2018.11.10"]
[EventType "team-tourn"]
[EventCountry "GBR"]
[SourceTitle "playchess.com"]
[Source "ChessBase"]
[SourceQuality "1"]

{[%evp 16,68,40,32,33,33,33,33,33,36,29,32,29,25,62,53,56,52,80,64,114,121,131,39,36,13,31,0,0,7,7,6,31,0,0,0,0,-80,-50,-100,-85,-188,-185,-229,-229,-266,-266,-285,-217,-187,-210,-190,-129,-525,-507]} 1. c4 f5 2. g3 Nf6 3. Bg2 g6 4. Nc3 Bg7 5. e3 d6 6. Nge2 O-O 7. b3 {A10: English Opening: Unusual Replies for Black} (7. O-O e5 8. b3 Nbd7 9. d3 c6 10. Ba3 Qc7 11. Qd2 Re8 12. Rae1 Nc5 13. h3 e4 14. dxe4 Nfxe4 15. Qc2 Nxc3 16. Nxc3 {1-0 (59) Carlsen,M (2802)-Nakamura,H (2741) London 2010 CBM 140 [Carlsen,M]}) 7... e5 8. Bb2 Nc6 9. d3 {LiveBook: 37 Games. White is slightly better.} Nh5 10. f4 exf4 11. exf4 Nd4 12. Qd2 c6 13. O-O-O $146 ({Predecessor:} 13. Nxd4 Bxd4 {½-½ (23) Cvetkovic,S (2387)-Gopal,G (2522) Golden Sands 2013}) 13... Bd7 14. Rhe1 a5 15. Na4 Nxe2+ 16. Rxe2 Rb8 17. Rde1 b5 18. cxb5 cxb5 19. Bd5+ (19. Nc3 $1 $16) 19... Kh8 $1 $14 20. Bxg7+ Nxg7 21. Re7 {Qb2 is the strong threat.} Re8 22. Rxe8+ Bxe8 23. Nb2 a4 24. Qb4 Rc8+ 25. Kb1 Qc7 {( -> ...Qc2+)} 26. a3 (26. Qd2 $11) 26... Qc2+ (26... Qc5 {keeps more tension.} 27. Qxc5 Rxc5 28. Bf3 axb3 29. Re3 Rc2) 27. Ka2 {[#]} Qc5 $1 {[%cal Rc5d5]} 28. Qxc5 (28. Bb7 $17 {was forced.} axb3+ 29. Qxb3) 28... Rxc5 $19 29. Bf3 Bf7 30. Bd1 Rc1 31. Re7 Bg8 32. Rb7 Ne6 {aiming for ...Nd4.} 33. Rxb5 {[#]} Nc5 (33... Nc7 $1 $19 {[%cal Rc7b5]} 34. Rb4 Nd5) 34. Nxa4 $2 {[%mdl 8192]} (34. Rb8 $17 {was the crucial defense.}) 34... Nxa4 {Precision: White = 37%, Black = 63%.} (34... Rxd1 $2 35. Nxc5 dxc5 36. Kb2 $19) 0-1

[Event "4NCL Div 1 2018-19"]
[Site "Daventry"]
[Date "2018.11.11"]
[Round "2"]
[White "Quinn, John M"]
[Black "Cioara, Andrei-Nestor"]
[Result "0-1"]
[WhiteElo "2163"]
[BlackElo "2427"]
[Annotator "TA"]
[PlyCount "84"]
[EventDate "2018.11.10"]
[EventType "team-tourn"]
[EventCountry "GBR"]
[SourceTitle "playchess.com"]
[Source "ChessBase"]
[SourceQuality "1"]

{[%evp 25,84,8,1,-14,-2,-32,-19,-22,-15,-16,-27,-21,-23,-27,-19,-85,-89,-89,-87,-115,-117,-116,-127,-206,-206,-208,-204,-250,-235,-261,-243,-254,-257,-291,-308,-361,-303,-387,-356,-355,-343,-422,-394,-686,-646,-828,-814,-858,-849,-812,-706,-1606,-1087,-1179,-1108,-29979,-29980,-29980,-29980,-29984,-29985]} 1. d4 Nf6 2. c4 e6 3. Nc3 Bb4 4. Qc2 O-O 5. Nf3 d5 6. a3 Bxc3+ 7. Qxc3 dxc4 8. Qxc4 b6 9. Bg5 {E36: Nimzo-Indian: Classical: 4...d5 5 a3} Ba6 10. Qa4 h6 (10... Qd7 11. Qc2 c5 12. Bxf6 gxf6 13. Rd1 Qe7 14. g3 Bb7 15. Bg2 Rd8 16. O-O Nd7 {½-½ (30) Mamedyarov,S (2808)-Caruana,F (2816) Paris 2018}) 11. Bxf6 Qxf6 12. g3 c5 13. Bg2 Bb7 {LiveBook: 7 Games} 14. Rd1 {[#]} Bc6 $146 ({Predecessor:} 14... Rd8 15. dxc5 Rxd1+ 16. Qxd1 Na6 17. cxb6 Qxb2 18. bxa7 Qc3+ 19. Qd2 Qa1+ 20. Qd1 Qc3+ 21. Qd2 Qa1+ 22. Qd1 {½-½ (22) Dreev,A (2655)-Fier,A (2653) Barcelona 2009}) 15. Qc4 Nd7 {[%cal Bb8d7,Bd7e5,Be5f3][%mdl 32]} 16. O-O Rac8 17. Rd2 Bxf3 18. exf3 cxd4 19. Qxd4 Ne5 $36 {[%mdl 2048] aiming for ...Rcd8. Black has some pressure.} 20. Qb4 (20. Qe4 $11 {keeps the balance.}) 20... Nxf3+ $17 21. Bxf3 Qxf3 22. Rfd1 {[#]} Rc2 $1 {[%mdl 512]} 23. Qd4 (23. Rxc2 Qxd1+) 23... Rfc8 24. Qe3 {[#]} (24. Rd3 $17 Qf5 25. b4) 24... Qxe3 $1 $19 25. fxe3 {[%mdl 4096] Endgame KRR-KRR} g5 26. g4 Kg7 27. Kg2 a5 28. Kf3 Kf6 29. h3 Ke5 30. a4 R8c4 31. b3 Rxd2 32. Rxd2 {KR-KR} Rc3 33. Rb2 {and the idea b4 leaves White hopeful.} f5 34. gxf5 $2 (34. Kf2) 34... exf5 {[%cal Be6f5,Bf5f4][%mdl 32]} 35. b4 f4 36. bxa5 Rxe3+ 37. Kg2 bxa5 38. Rb5+ Ke4 39. Rxa5 Re2+ 40. Kg1 Kf3 {Black mates.} 41. Rb5 Kg3 {[%cal Re2e1]} 42. Rb3+ f3 {Precision: White = 17%, Black = 90%.} 0-1

[Event "4NCL Div 1 2018-19"]
[Site "Daventry"]
[Date "2018.11.11"]
[Round "2"]
[White "Coathup, Roger H"]
[Black "Duggan, Christopher"]
[Result "1-0"]
[WhiteElo "2162"]
[BlackElo "2022"]
[Annotator "TA"]
[PlyCount "127"]
[EventDate "2018.11.10"]
[EventType "team-tourn"]
[EventCountry "GBR"]
[SourceTitle "playchess.com"]
[Source "ChessBase"]
[SourceQuality "1"]

{[%evp 14,127,64,50,81,-24,0,-33,-22,-27,0,0,165,168,159,170,157,172,165,166,189,91,85,88,91,0,0,-174,-95,-168,-139,-139,-120,-193,-192,-243,-238,-254,-242,-320,-222,-204,-12,-12,0,0,54,58,47,0,486,483,474,452,433,75,77,50,52,-7,47,0,59,66,201,114,187,118,527,58,109,0,193,191,446,193,430,413,2273,2124,5273,2664,5289,2520,12829,593,578,564,542,520,816,911,12837,12837,12836,2426,12840,-12846,12847,12847,12848,12848,12849,12849,12850,12850,12850,12851,12851,12851,12851,29980,12851,29982,12851,29979]} 1. d4 g6 2. Nf3 Bg7 3. c4 c5 4. d5 d6 5. e4 Nf6 6. Nc3 O-O 7. Bd3 a6 8. a4 {[%cal Ba2a4,Ba4a5][%mdl 32] LiveBook: 8 Games. E90: King's Indian: Classical: Early deviations and 6 h3} e5 (8... b6 9. h3 Ra7 10. O-O e5 11. Bg5 h6 12. Be3 Nh7 13. Nh2 f5 14. exf5 gxf5 15. f4 Raf7 16. Qd2 Nd7 17. fxe5 Nxe5 18. Ne2 Re8 19. Nf3 Nxd3 20. Qxd3 Rfe7 {0-1 (20) Nalbandian,T (2508)-Minasian,A (2597) Yerevan 2005}) 9. dxe6 (9. a5 $16) 9... Bxe6 10. Ng5 $146 {The position is equal.} ({Predecessor:} 10. O-O Nc6 11. Bg5 Qc7 12. Nd5 Bxd5 13. cxd5 Nb4 14. Rc1 {1-0 (30) Laurent,J (2169)-Mestdagh,F La Fere 2003}) 10... Nc6 11. O-O Nd7 12. f4 {aiming for f5.} Nb6 $2 (12... Bf6 $11 {and Black is okay.}) 13. a5 $1 $18 {[%cal Ra5b6]} Nc8 14. f5 $1 {[%cal Rf5e6]} Bd7 15. Nd5 Bd4+ 16. Kh1 N8e7 17. f6 (17. Qd2 $18 {has better winning chances.}) 17... Nxd5 $16 18. exd5 Ne5 19. Ne4 (19. Be2 $1 $16) 19... Re8 $36 {[%mdl 2048] Black has good play.} 20. Bg5 $2 {[#]} (20. Qd2 $11 Ng4 21. h3 (21. Nxd6 Qb8 $15)) 20... Bg4 (20... Bxb2 21. Rb1 $15) (20... Nxc4 $1 $19 {[%mdl 512]} 21. Bxc4 Rxe4) 21. Be2 (21. Qd2 $17 {was worth a try.} Nxc4 22. Bxc4 Rxe4 23. Bd3) 21... Bxe2 (21... Bxb2 22. Rb1 $11) 22. Qxe2 {[#]} Nxc4 $1 {[%mdl 512] ...Ne3! is the strong threat.} 23. Qxc4 (23. Qf3 $17) 23... Rxe4 $19 24. Qd3 (24. Bd2 $142) 24... Qe8 $1 25. Qg3 Qe5 26. Bf4 Qxf6 27. Bxd6 Qh4 $2 (27... Qd8 $1 $19 28. Rad1 h5) 28. Qb3 $11 Rd8 29. Qxb7 f5 (29... Re2 $1 $11) 30. Bg3 $1 $14 {[%cal Rg3h4]} Qf6 31. Rae1 Rde8 $2 {[%mdl 8192]} (31... Rxe1 $11 32. Bxe1 Bxb2) 32. Rxe4 $18 Rxe4 33. d6 Qd8 34. d7 $2 (34. Qxa6 $18 {and the rest is easy.} Bf6 35. Qb5) 34... Re7 $16 35. Qxa6 {And now Bh4 would win.} Qxd7 {[#]} 36. Qc4+ (36. b4 $1 $14 {[%mdl 512]}) 36... Kg7 (36... Qe6 $11 37. Qc1 Qa6) 37. b3 Qa7 ({Black should try} 37... Qe6 $11) 38. a6 $14 Re3 (38... Qb6 $1 $14) 39. Bf4 (39. b4 $18) 39... Re7 {[#]} (39... Re8 $16) 40. h3 (40. Bd6 $1 $18 {[%cal Rd6e7]} Re3 41. b4) 40... Kf6 $2 {[%mdl 8192]} (40... Qb6 $16 {is more resistant.}) 41. Rd1 $2 (41. Qg8 $18 Re4 42. Qf8+ Ke6 43. Qe8+ Kd5 44. Qc8) 41... Re4 (41... Re6 $14) 42. Bg3 (42. Bh6 $16) 42... h6 $2 (42... Re6 $1 $11 {and Black has nothing to worry.}) 43. b4 $18 g5 $2 (43... cxb4 44. Qd5 (44. Qxb4 Qxa6 45. h4 Kf7 $11) 44... Be3) 44. Be1 (44. Bd6 $142) 44... Qe7 $2 (44... g4) 45. Bc3 Be5 (45... Kg6 $142 46. Bxd4 cxd4) 46. Bxe5+ Qxe5 47. Qxc5 Qxc5 48. bxc5 {[%mdl 4096] Endgame KR-KR} Ra4 49. Rd6+ (49. c6 $142 {Strongly threatening c7.} Rxa6 50. c7) 49... Ke5 50. Rxh6 Ra5 51. Rc6 Kf4 (51... Kd5 $142 52. Rg6 Ke4) 52. Kh2 g4 53. hxg4 fxg4 54. Rf6+ (54. Rd6 $142 g3+ 55. Kh3) 54... Ke5 55. c6 $4 {[%mdl 8192]} (55. Rb6 $18 Kf4 56. Rb4+ Ke5 57. c6 (57. Rxg4 Rxa6 58. Rc4 Kd5 $18)) 55... Rxa6 $4 {[%mdl 8192] [#]} (55... Kxf6 $19 56. c7 Rh5+ 57. Kg3 Rh8 58. Kxg4 Ke5) 56. c7 $1 {[%mdl 512]} Ra8 57. Rc6 Rc8 58. Kg3 Kd5 59. Rc2 Ke4 60. Kxg4 Rg8+ 61. Kh5 Rc8 62. Kg6 (62. g3 $18 Kd3 63. Rc6) 62... Kd3 63. Rc6 Ke4 64. Kf6 {Precision: White = 34%, Black = 20%.} (64. g4 $18 Kf3 65. g5) 1-0

[Event "4NCL Div 1 2018-19"]
[Site "Daventry"]
[Date "2018.11.11"]
[Round "2"]
[White "Mihov, Filip"]
[Black "Moreby, James"]
[Result "1/2-1/2"]
[WhiteElo "2154"]
[BlackElo "2252"]
[Annotator "TA"]
[PlyCount "71"]
[EventDate "2018.11.10"]
[EventType "team-tourn"]
[EventCountry "GBR"]
[SourceTitle "playchess.com"]
[Source "ChessBase"]
[SourceQuality "1"]

{[%evp 20,71,5,25,40,31,36,45,38,41,38,38,35,35,35,40,39,31,35,0,0,-40,-18,-34,20,0,70,35,76,48,42,-7,107,0,0,0,0,-21,0,-89,-83,-128,-96,-98,-96,-170,-156,-148,-139,-135,-130,-198,-70,-71]} 1. d4 Nf6 2. c4 e6 3. Nc3 Bb4 4. e3 b6 5. Bd3 Bb7 6. Nge2 Bxg2 7. Rg1 Be4 8. a3 Bxc3+ 9. Nxc3 Bg6 10. e4 {E43: Nimzo-Indian: Rubinstein: 4...b6} d6 (10... d5 11. Bg5 dxc4 12. Bxc4 Qd7 13. Bxf6 gxf6 14. h4 h5 15. d5 exd5 16. Nxd5 Qd6 17. Qa4+ Kf8 {½-½ (29) Rakhmanov,A (2591)-Efimenko,Z (2657) Moscow 2010}) 11. Bg5 {LiveBook: 10 Games} Nbd7 12. f4 {White is slightly better.} e5 13. dxe5 dxe5 14. f5 Bh5 $1 {[%cal Rh5d1]} 15. Be2 $1 {[%cal Re2h5]} Bxe2 16. Qxe2 c6 $1 17. O-O-O {[%mdl 1024] White has compensation.} Qe7 18. Bh4 $146 Rg8 19. Qc2 O-O-O 20. Qa4 Kb7 21. b4 Rc8 (21... Nb8 $15) 22. Rd2 g6 ({Black should try} 22... Rcd8 $11) 23. c5 (23. Rxd7+ $5 Qxd7 24. Rd1 $14 (24. Bxf6 Qd4 $19)) 23... gxf5 24. Rgd1 {Black must now prevent Rxd7+!} Rc7 $1 25. exf5 {Hoping for Ne4!} Rg4 {[#]} (25... e4 $11) 26. Bxf6 (26. Rxd7 $1 $16 {[%mdl 512] Intending cxb6 and mate.} Rxd7 27. Bxf6) 26... Nxf6 $11 27. cxb6 Kxb6 28. Qa5+ Kb7 29. b5 (29. Kb2 $11 {remains equal.} Rg8 30. Rd6) 29... Rd4 $1 $36 {[%mdl 2048] aiming for ...cxb5. Black is really pushing.} ({Not} 29... cxb5 30. Qxb5+ Kc8 31. Qa6+ Rb7 32. Qc6+ Kb8 33. Rd8+ Qxd8 34. Rxd8#) 30. Kb1 Qc5 31. bxc6+ Rxc6 32. Rb2+ {[#]} (32. Qxc5 $17 Rxc5 33. Rxd4 exd4 34. Ne2) 32... Kc8 $1 $19 33. Qxc5 Rxc5 34. Rxd4 exd4 35. Nb5 {[#]} (35. Ne2 $17) 35... Ne4 (35... d3 $1 $19 36. Nxa7+ Kd7 37. Rb7+ Ke8 38. Rb8+ Ke7) 36. Nxd4 {Precision: White = 48%, Black = 43%.} 1/2-1/2

[Event "4NCL Div 1 2018-19"]
[Site "Daventry"]
[Date "2018.11.11"]
[Round "2"]
[White "Sygnowski, Tomasz"]
[Black "Arkell, Keith C"]
[Result "0-1"]
[WhiteElo "2153"]
[BlackElo "2443"]
[Annotator "TA"]
[PlyCount "74"]
[EventDate "2018.11.10"]
[EventType "team-tourn"]
[EventCountry "GBR"]
[SourceTitle "playchess.com"]
[Source "ChessBase"]
[SourceQuality "1"]

{[%evp 16,74,20,16,32,15,19,9,47,33,45,0,0,0,0,0,0,0,0,0,34,0,20,9,5,8,10,6,15,0,0,0,16,0,0,-14,-9,-9,-8,-8,-8,-10,-7,-15,-7,-4,0,-4,0,-52,-51,-31,-37,-451,-427,-524,-520,-510,-486,-1183,-1152]} 1. e4 c6 2. d4 d5 3. exd5 cxd5 4. Bd3 Nc6 5. c3 Nf6 6. Nf3 Bg4 7. O-O e6 8. Bg5 Be7 9. Nbd2 {LiveBook: 14 Games. B13: Caro-Kann: Exchange Variation and Panov-Botvinnik Attack} a6 (9... O-O 10. Qa4 Bh5 11. Rae1 Bg6 12. Bxg6 hxg6 13. Ne5 Nxe5 14. dxe5 Nd7 15. Bxe7 Qxe7 16. Qg4 Rfc8 17. Re3 b5 {½-½ (47) Sygnowski,T (2049)-Arkell,K (2474) Telford 2016}) 10. Qb3 O-O 11. Rae1 $146 {The position is equal.} ({Predecessor:} 11. Rfe1 b5 {½-½ (60) Schneider,I (2481)-Gajewski,G (2654) Berlin 2015}) 11... Bxf3 12. Nxf3 b5 13. Ne5 Nxe5 14. Rxe5 Ng4 15. Bxe7 Qxe7 16. Re2 Qd6 {[%csl Gg4][%cal Rd6h2] [#]} 17. f4 f5 18. a4 Rab8 19. axb5 axb5 20. Qb4 (20. Bxb5 $2 Qb6 $19) 20... Qxb4 21. cxb4 Rb6 22. Ra1 Rc8 23. Ree1 Nf6 24. Ra5 Ne4 25. Rea1 ({Don't play} 25. Rxb5 Rxb5 26. Bxb5 Rc2 $17) 25... Kf7 26. h3 ({But not} 26. Bxb5 Rcb8 $17) ({Of course not} 26. Rxb5 Rxb5 27. Bxb5 Rb8 $17) 26... Kf6 27. Ra7 Rbc6 28. g4 Rc1+ 29. Kg2 fxg4 30. hxg4 g5 {[%cal Bg7g5,Bg5f4,Bf4f3,Bf3f2][%mdl 32]} 31. Rxc1 Rxc1 32. Rxh7 (32. Kf3 $11) 32... gxf4 $11 {[#] White must now prevent ...f3+! KRB-KRN} 33. Rh6+ Kg7 34. Rh5 $2 {[%mdl 8192]} (34. Rxe6 $15 f3+ 35. Kh2) 34... Rd1 $19 {Black is clearly winning.} 35. Bxb5 Rd2+ 36. Kg1 f3 37. Rh2 (37. Rh3 $142 Rg2+ 38. Kf1) 37... f2+ {Precision: White = 36%, Black = 70%.} 0-1

[Event "4NCL Div 1 2018-19"]
[Site "Daventry"]
[Date "2018.11.11"]
[Round "2"]
[White "Walton, Alan J"]
[Black "Povah, Nigel E"]
[Result "1/2-1/2"]
[WhiteElo "2140"]
[BlackElo "2326"]
[Annotator "TA"]
[PlyCount "66"]
[EventDate "2018.11.10"]
[EventType "team-tourn"]
[EventCountry "GBR"]
[SourceTitle "playchess.com"]
[Source "ChessBase"]
[SourceQuality "1"]

{[%evp 27,66,18,21,0,0,-5,7,0,0,-14,5,-8,2,8,8,0,12,-20,-11,-75,-3,-83,-88,-75,-86,-70,-45,-65,-35,-36,-46,-44,-9,-20,0,-7,0,0,0,0,0]} 1. d4 Nf6 2. Bg5 Ne4 3. Bf4 c5 4. f3 Qa5+ 5. c3 Nf6 6. Nd2 cxd4 7. Nb3 Qb6 8. Qxd4 Nc6 9. Qxb6 axb6 10. Nd4 e5 11. Nxc6 {A45: Trompowsky Attack} exf4 12. Nd4 Nd5 (12... d5 13. g3 Bd6 14. Kf2 Nh5 15. gxf4 Nxf4 16. e3 Ne6 17. Bb5+ Kf8 18. Nge2 g6 {1-0 (61) Vitiugov,N (2726)-Adhiban,B (2666) Doha 2016}) 13. e4 fxe3 14. Bc4 Nc7 {LiveBook: 5 Games} 15. Ke2 Bc5 16. Kxe3 b5 17. Bb3 $1 b4 18. cxb4 Bxb4 19. Nge2 $146 b6 20. a3 Bc5 21. Kd2 Ba6 22. Rac1 Ne6 23. Nf5 {[#]} (23. Bd5 $11 {remains equal.} Rb8 24. Nxe6 dxe6 25. Bc4 Rd8+ 26. Ke1 Bxc4 27. Rxc4) 23... O-O (23... d5 $1 $17 {[%mdl 512]} 24. Ba4+ (24. Bxd5 Rd8) 24... b5) 24. Bc4 (24. Bd5 $11 Rae8 25. b4 Bxe2 26. Rhe1) 24... Bxc4 $17 25. Rxc4 d5 26. Rc2 {White wants to play b4.} g6 27. Ne3 Rfe8 28. Ng4 {And now Nf6+ would win.} Kg7 29. Ne5 Ra7 30. Nd3 {The position is equal.} Rae7 31. Kc1 Be3+ 32. Kb1 Nc5 33. Rd1 Rd7 {Precision: White = 45%, Black = 41%.} 1/2-1/2

[Event "4NCL Div 1 2018-19"]
[Site "Daventry"]
[Date "2018.11.11"]
[Round "2"]
[White "Maciol, Ryszard"]
[Black "Seger, Ruediger"]
[Result "0-1"]
[WhiteElo "2120"]
[BlackElo "2349"]
[Annotator "NA"]
[PlyCount "48"]
[EventDate "2018.11.10"]
[EventType "team-tourn"]
[EventCountry "GBR"]
[SourceTitle "playchess.com"]
[Source "ChessBase"]
[SourceQuality "1"]
[TimeControl "40/6000+30:3000+30"]

1. d4 {[%emt 0:01:15]} Nf6 {[%emt 0:00:00]} 2. c4 {[%emt 0:09:24]} g6 {[%emt 0:00:04]} 3. Nc3 {[%emt 0:00:31]} d5 {[%emt 0:00:15]} 4. cxd5 {[%emt 0:00:20]} Nxd5 {[%emt 0:00:06]} 5. e4 {[%emt 0:00:22]} Nxc3 {[%emt 0:00:07]} 6. bxc3 {[%emt 0:00:06]} Bg7 {[%emt 0:00:08]} 7. Bc4 {[%emt 0:00:53]} c5 {[%emt 0:00:26]} 8. Ne2 {[%emt 0:00:51]} Nc6 {[%emt 0:00:48]} 9. Be3 {[%emt 0:00:29]} O-O {[%emt 0:03:47]} 10. Rc1 {[%emt 0:00:48]} cxd4 {[%emt 0:03:04]} 11. cxd4 {[%emt 0:01:02]} Qa5+ {[%emt 0:00:41]} 12. Kf1 {[%emt 0:00:19]} Qa3 {[%emt 0:01:43]} 13. Qb3 {[%emt 0:01:56]} Qd6 {[%emt 0:01:54]} 14. e5 {[%emt 0:01:09]} Qd8 {[%emt 0:01:33]} 15. Qb2 {[%emt 0:02:24]} Na5 {[%emt 0:19:03]} 16. Bb3 {[%emt 0:03:41]} Nxb3 {[%emt 0:00:25]} 17. axb3 {[%emt 0:00:04]} f6 {[%emt 0:05:36]} 18. h4 {[%emt 0:05:35]} fxe5 {[%emt 0:04:52]} 19. dxe5 {[%emt 0:00:16]} Qd5 {[%emt 0:05:57]} 20. Bd4 {[%emt 0:01:51]} Bg4 {[%emt 0:01:37]} 21. f3 {[%emt 0:07:55]} Bxf3 {[%emt 0:01:51]} 22. gxf3 {[%emt 0:00:05]} Qxf3+ {[%emt 0:00:07]} 23. Kg1 {[%emt 0:00:22]} Qg4+ {[%emt 0:00:14]} 24. Kh2 {[%emt 0:01:49]} Bxe5+ {[%emt 0:02:01]} 0-1